000 00425nam a2200169 a 4500
001 0000-8836
003 ELIB.Books
008 110520 1943
035 _a(ELIB.Books)0000-8982
082 _a270.6
_bLut
100 _aLuther, Martin
245 _aThree Treatises
260 _bPhiladelphia: The Muhlenberg Press
_c1943
650 _aChurch History
942 _2ddc
_cBK
998 _cbat
_e2011-05-20
999 _c8836
_d8836